02436cam a22003255a 45000010009000000050017000090080041000260100017000670150019000840160018001030200026001210200023001470350024001700400028001940820022002221000026002442450093002702600043003633000027004065000024004335050217004575201156006746500030018306500028018606510010018886530025018989420026019239990017019499520144019661563040220160828103924.0090219s2009 nju fr 001 0 eng d a 2009004124 aGBA9516402bnb7 a0152656382Uk a9780470450017 (cloth) a0470450010 (cloth) a(OCoLC)ocn299694496 aDLCbengcDLCdEG-ScBUE04222a658.4092bKUS1 aKush, Brian D.94091110aAuditing leadership :bthe professional and leadership skills you need /cBrian D. Kush. aHoboken, New Jersey :bWiley,cc.2009. axiii, 238 p. ;c24 cm. aIndex : p. 235-238. aProfessional interaction and reflection skills -- Networking skills -- Time management and personal productivity skills -- Communication skills -- Client relationship skills -- Teambuilding and reflection skills. aUntil now, there has not been a book created specifically for auditors that solely focuses on the critical skills needed to personally excel and become a leader in the audit profession." "Written by Brian Kush, an experienced coach and CPA who has worked with thousands of auditors, Auditing Leadership is the only book of its kind, brimming with practical tips, insights, and ideas on becoming a leader in completing audits, in the audit profession, and in your life." "Avoiding technical accounting literature and references to FASBs, IASBs, and SASs, this invaluable resource instead addresses the key interpersonal and leadership challenges auditors face every day in the world of auditing." "All about uncovering your big plan and having lots of little plans as well, the skills discussed in this guide are centered on the auditing career, and becoming a better leader, whether you are "leading" your family, working alone, or working with a large group of people. Both a professional guide and an insightful personal reference tool, Auditing Leadership authoritatively enables auditors to boost their personal leadership and professional skills. 7aLeadership.2BUEsh934561 7aAuditors.2BUEsh940912 2BUEsh bBUSADMcAugust 2016  2ddce22k658.4092 KUS c22246d22218 00102ddc40708AcademicaMAINbMAINc1STd2016-08-28ePurchaseg288.00h9154l0o658.4092 KUSp000033175r2025-07-15 00:00:00v360.00yBB